Statistics for Countries Bordering Zambia on a Map

Click here to take the quiz!

General Stats

  • This quiz has been taken 34 times
  • The average score is 8 of 8

Answer Stats

Answer % Correct
Namibia
100%
Botswana
100%
Malawi
97%
D.R. Congo
97%
Angola
97%
Zimbabwe
97%
Mozambique
97%
Tanzania
93%

Score Distribution

Percentile by Number Answered

Percent of People with Each Score

Your Score History

You have not taken this quiz